00683nam a2200241 a 4500001001300000003000900013005001700022008004100039020000900080082001700089100002500106245002900131260004700160300000900207500003500216505001000251650001600261700002500277902000800302942000700310952010900317999001500426nice12345678IN_TiNIC20260116012741.0050524s1987 isla grp 000 0 eng  ac6000a340.59bAZA1 aAzad, Ghulam Murtaza aJudicial System of Islam aIslambadbIslamic Research Institutec1987 a138p aincludes index and biblioraphy2 aIndex aIslamic-Law1 aAzad, Ghulam Murtaza bSRS cBK 00104070aHMIbHMId2007-05-02g60.00l4o340.59 AZA1p014828r2022-07-08s2022-07-01w2026-01-16yEB c8220d8220